Les 10 plus grands pays en superficie - Statistiques

Statistiques générales
  • Ce quiz a été pris 231 fois
  • Le résultat moyen est 9 sur 10
Statistiques - réponses
Hint Réponse % Correct
1 Russie
100%
3 Etats-Unis
99%
4 Chine
98%
2 Canada
97%
5 Brésil
95%
6 Australie
90%
7 Inde
90%
10 Algérie
80%
8 Argentine
74%
9 Kazakhstan
69%
Aucun quiz correspondant
Distribution des résultats
% des personnes avec chaque résultat
Percentile par nombre de réponses
Votre historique - résultats
Vous n’avez pas pris ce quiz